Guerres civiles depuis 1945 - Statistiques

Statistiques générales
  • Ce quiz a été pris 307 fois
  • Le résultat moyen est 18 sur 36
Statistiques - réponses
Indices Pays Bilan humain % Correct
2011-? syrie ~500 000
82%
2013-2017 irak ~120 000
80%
1945-1949 chine 5 000 000
78%
1955-1975 vietnam 5 000 000
77%
1991-2002 algérie 60-200 000
75%
1960-19631997-1998 1998-2003 congo/rdc ~10 000 000
75%
1955-1972,1983-2005 soudan 700 000
74%
1979-19891989-1992 afghanistan 1 000 000
71%
2011-2011 libye 30 000
71%
1994-1994 rwanda 810 000
67%
2014-? yémen ~370 000
65%
1991-2001 yougoslavie 200 000
60%
1967-19751978-1999 cambodge 175-200 000
58%
1975-1990 liban 140 000
58%
1974-1991 éthiopie 230 000-1 400 000
57%
2020-2022 éthiopie 300-600 000
57%
1967-1970 nigéria 1~3 000 000
56%
1953-1975 laos 20-70 000
53%
1965-1966 indonésie 500 000-3 000 000
51%
1948-1958 colombie 200 000
49%
1975-2002 angola 1 000 000
47%
2013-2020 soudan du sud 50~380 000
44%
1977-1992 mozambique 900 000
42%
1981-1986 ouganda 100-500 000
40%
1989-1997 libéria 100-200 000
39%
1993-2005 burundi 300 000
38%
1961-1990 nicaragua 30 000
38%
1955-1962 cameroun 100 000
37%
1960-1966 guatemala 140-200 000
36%
1979-1992 salvador 27 000
34%
1991-2002 sierra leone 75 000
33%
1983-2009 sri lanka 150-270 000
32%
1996-2006 népal 12 200
28%
1992-1997 tadjikistan 100 000
24%
1988-1998 papouasie-nouvelle-guinée 15-20 000
19%
1962-1970 yémen du nord 100-200 000
2%
Aucun quiz correspondant
Distribution des résultats
% des personnes avec chaque résultat
Percentile par nombre de réponses
Votre historique - résultats
Vous n’avez pas pris ce quiz